[Event "4NCL"]
[Site "Birmingham ENG"]
[Date "2002.01.19"]
[Round "5"]
[White "Sheldon,R"]
[Black "Buckley,M"]
[Result "1/2-1/2"]
[WhiteElo "2310"]
[BlackElo "2118"]

1.d4 Nf6 2.c4 e6 3.Nc3 Bb4 4.Qc2 O-O 5.e3 b6 6.Bd3 c5 7.Ne2 Nc6 8.O-O Bxc3
9.Qxc3 Bb7 10.a3 Qe7 11.Rb1 d5 12.cxd5 cxd4 13.Nxd4 Nxd4 14.Qxd4 Nxd5 15.e4 e5
16.Qa4 Nc7 17.Be3 Ne6 18.Rbc1 Nf4 19.Rfd1 Nxd3 20.Rxd3 Rfd8 21.Rdc3 Rd7 22.h4 Rad8
23.Bg5 f6 24.Be3 b5 25.Qc2 a6 26.Bb6 Re8 27.Qe2 Qe6 28.Ba5 Rd4 29.Re3 Rc8
30.Rxc8+ Qxc8 31.Bc3 Rd7 32.Qg4 Rc7 33.Qd1 Rd7 34.Qg4 Rc7 35.Qd1 Rd7 36.Qb3+ Qc4
37.Qxc4+  1/2-1/2

[Event "90th LSK Metalka Trgovina"]
[Site "Ljubljana SLO"]
[Date "2002.01.22"]
[Round "4"]
[White "Kharlov,A"]
[Black "Podlesnik,B"]
[Result "1-0"]
[WhiteElo "2638"]
[BlackElo "2397"]

1.d4 Nf6 2.c4 e6 3.Nc3 Bb4 4.Qc2 O-O 5.a3 Bxc3+ 6.Qxc3 b6 7.Bg5 Bb7 8.e3 h6
9.Bh4 d6 10.Nf3 Nbd7 11.Nd2 c5 12.dxc5 dxc5 13.Bd3 Qe7 14.O-O-O a6 15.f4 Rfe8
16.Nf3 Qf8 17.Bc2 b5 18.Rxd7 b4 19.Qd2 Nxd7 20.Qxd7 Rab8 21.Rd1 bxa3 22.bxa3 Bxf3
23.gxf3 g5 24.fxg5 Red8 25.gxh6  1-0

[Event "39th BPCL ch-IND"]
[Site "Nagpur IND"]
[Date "2002.01.22"]
[Round "7"]
[White "Babu,NS"]
[Black "Mishra,N"]
[Result "1/2-1/2"]
[WhiteElo "2386"]
[BlackElo "2321"]

1.d4 Nf6 2.c4 e6 3.Nc3 Bb4 4.Qc2 O-O 5.a3 Bxc3+ 6.Qxc3 b5 7.cxb5 c6 8.Bg5 cxb5
9.e3 Bb7 10.Nf3 h6 11.Bxf6 Qxf6 12.Be2 Rc8 13.Qd3 a6 14.O-O d6 15.a4 Bc6
16.Rfc1 Qd8 17.Rc3 b4 18.Rc4 Bd5 19.Rxc8 Qxc8 20.e4 Bb7 21.a5 Bc6 22.Qc4 Qd8
23.d5 Bb5 24.Qc2 exd5 25.exd5 Bxe2 26.Qxe2  1/2-1/2

[Event "39th BPCL ch-IND"]
[Site "Nagpur IND"]
[Date "2002.01.27"]
[Round "11"]
[White "Vijayalakshmi,S"]
[Black "Kunte,A"]
[Result "1-0"]
[WhiteElo "2399"]
[BlackElo "2479"]

1.d4 Nf6 2.c4 e6 3.Nc3 Bb4 4.Qc2 O-O 5.a3 Bxc3+ 6.Qxc3 b6 7.Bg5 Ba6 8.e3 d6
9.Nf3 Nbd7 10.Bh4 c5 11.Rd1 Qc7 12.dxc5 bxc5 13.Bd3 Rab8 14.O-O Bb7 15.Bg3 Bxf3
16.Bxd6 Qc6 17.gxf3 Nd5 18.cxd5 Qxd6 19.dxe6 Qxe6 20.Bxh7+ Kxh7 21.Qd3+ g6
22.Qxd7 Qf6 23.Qd5 Rxb2 24.Qxc5 Qxf3 25.Rd4 Kg8 26.Rh4 Rb6 27.Qg5 Qf6 28.Qxf6 Rxf6
29.Rb1 Rc8 30.Rbb4 Rc7 31.Rhf4 Re6 32.Ra4 Kg7 33.Ra5 Rd6 34.Rfa4 Rdd7 35.Kg2 Kh6
36.Ra6 Kg7 37.h4 Rb7 38.Kg3 Rbc7 39.Rg4 Kh6 40.Rga4 Rb7 41.R4a5 Kg7 42.Ra4 Kh6
43.Rg4 Rb1 44.Kg2 Rb2 45.Rf4 Kg7 46.Ra5 Kh6 47.Kg3 Rb1 48.Ra6 Rb5 49.Rc4 Rb2
50.Rc1 Kg7 51.Rc4 Kh6 52.Raa4 Rb5 53.Rd4 Re7 54.Rd8 Kg7 55.Ra8 Rbb7 56.Ra5 Rec7
57.h5 gxh5 58.Rxh5 Rb2 59.Rg5+ Kf6 60.Rg4 Rb5 61.Ra4 Rg5+ 62.Kf3 Rf5+ 63.Kg3 Rg5+
64.Kf3 Rf5+ 65.Ke4 Re7+ 66.Kd3 Rd5+ 67.Ke2 Rdd7 68.Rh8 Kg7 69.Rh5 Rb7 70.Rg4+ Kf6
71.Rh6+ Kf5 72.Rgh4 Ke5 73.Ra6  1-0

[Event "90th LSK Metalka Trgovina"]
[Site "Ljubljana SLO"]
[Date "2002.01.31"]
[Round "11"]
[White "Jelen,Ig"]
[Black "Farago,I"]
[Result "1/2-1/2"]
[WhiteElo "2374"]
[BlackElo "2500"]

1.d4 Nf6 2.c4 e6 3.Nc3 Bb4 4.Qc2 O-O 5.a3 Bxc3+ 6.Qxc3 Ne4 7.Qc2 f5 8.Nh3 d6
9.f3 Nf6 10.Bd2 e5 11.dxe5 dxe5 12.e3 c5 13.Be2 Nc6 14.b4 Qe7 15.b5 Nd8 16.O-O Nf7
17.Nf2 Be6 18.Bc3 Nd7 19.Nd1 Nd6 20.Nb2 f4 21.exf4 Rxf4 22.Bd2 Rf7 23.Bd3 Nf5
24.Rae1 Raf8 25.Bc3 Qd6 26.Rf2 h6 27.Bxf5 Bxf5 28.Qd2 Qe6 29.Qd5 Qxd5 30.cxd5 Nb6
31.Rxe5 Bd7 32.a4 Rf4 33.d6 Nxa4 34.Nxa4 Rxa4 35.Rxc5 Rf7 36.Rb2 Ra1+ 37.Kf2 Rd1
38.Be5 b6 39.Ke2 Rg1 40.Kf2 Rd1 41.Ke2 Rg1 42.Kf2  1/2-1/2

[Event "FSGM February"]
[Site "Budapest HUN"]
[Date "2002.02.02"]
[Round "1"]
[White "Markus,R"]
[Black "Balogh,C"]
[Result "1/2-1/2"]
[WhiteElo "2470"]
[BlackElo "2398"]

1.d4 Nf6 2.c4 e6 3.Nc3 Bb4 4.Qc2 O-O 5.a3 Bxc3+ 6.Qxc3 b6 7.Bg5 Bb7 8.f3 h6
9.Bh4 d5 10.e3 Nbd7 11.cxd5 Nxd5 12.Bxd8 Nxc3 13.Bh4 Nd5 14.Bf2 c5 15.Ne2 f5
16.dxc5 Nxc5 17.Nd4 e5 18.Nxf5 Rxf5 19.e4 Rf7 20.exd5 Bxd5 21.Bxc5 bxc5 22.O-O-O Bb3
23.Rd3 c4 24.Rc3 Rf4  1/2-1/2

[Event "Petrov Mem Open"]
[Site "St Petersburg RUS"]
[Date "2002.02.13"]
[Round "2"]
[White "Rychagov,A"]
[Black "Pavlov,Al"]
[Result "1-0"]
[WhiteElo "2544"]
[BlackElo "2340"]

1.d4 Nf6 2.c4 e6 3.Nc3 Bb4 4.Qc2 O-O 5.a3 Bxc3+ 6.Qxc3 b6 7.Bg5 Bb7 8.f3 h6
9.Bh4 d5 10.e3 Re8 11.Nh3 Nbd7 12.cxd5 exd5 13.Be2 Qe7 14.Bf2 c5 15.O-O Rac8
16.Rfe1 Nb8 17.dxc5 bxc5 18.Bd3 Ba6 19.Bf5 Rc6 20.Nf4 Rb6 21.b3 g6 22.Bc2 Nbd7
23.e4 d4 24.Qd2 g5 25.Nd5 Nxd5 26.exd5 Qd8 27.b4 Rxe1+ 28.Rxe1 Rd6 29.Be4 cxb4
30.Bg3 Rb6 31.axb4 Qf8 32.d6 d3 33.Bxd3 Bxd3 34.Qxd3 Rxb4 35.h3 Qd8 36.Kh2 Nf6
37.Re7 Qa5 38.Be5  1-0

[Event "Petrov Mem Open"]
[Site "St Petersburg RUS"]
[Date "2002.02.15"]
[Round "4"]
[White "Zakharstov,V"]
[Black "Pavlov,Al"]
[Result "1-0"]
[WhiteElo "2531"]
[BlackElo "2340"]

1.d4 Nf6 2.c4 e6 3.Nc3 Bb4 4.Qc2 O-O 5.a3 Bxc3+ 6.Qxc3 b6 7.Bg5 Bb7 8.e3 h6
9.Bh4 d6 10.f3 Nbd7 11.Bd3 c5 12.Ne2 Rc8 13.Qb3 d5 14.cxd5 Bxd5 15.Qd1 cxd4
16.Nxd4 Nc5 17.Be2 b5 18.b4 Na4 19.Nxb5 Nb2 20.Qd2 Nc4 21.Qd4 e5 22.Qxa7 Re8
23.e4 Re7 24.Bxf6 gxf6 25.Qf2 Bxe4 26.Rd1 Bd5 27.O-O Rd7 28.Kh1 Be6 29.h3 f5
30.f4 e4 31.Nd4 Kh7 32.Nxe6 fxe6 33.Rxd7+ Qxd7 34.Rd1 Qb7 35.Rc1 e3 36.Qf3 Qa6
37.Rxc4 Rxc4 38.Bxc4 Qxc4 39.Qxe3 Kg6 40.Kh2 Kf7 41.Qa7+ Kg6 42.Qb8 Kf7 43.b5 h5
44.b6 Qb3 45.Qa7+  1-0

[Event "9th Open Metalis"]
[Site "Bizovac CRO"]
[Date "2002.02.21"]
[Round "2"]
[White "Bender,I"]
[Black "Farago,I"]
[Result "0-1"]
[WhiteElo "2205"]
[BlackElo "2500"]

1.d4 Nf6 2.c4 e6 3.Nc3 Bb4 4.Qc2 O-O 5.Bg5 h6 6.Bxf6 Qxf6 7.Nf3 c5 8.e3 cxd4
9.Nxd4 Nc6 10.Rd1 Nxd4 11.Rxd4 b6 12.Be2 Bb7 13.O-O Qg5 14.Rg4 Qe5 15.Rd1 Bc6
16.Rgd4 Bc5 17.R4d2 f5 18.a3 a5 19.Bf3 Bxf3 20.gxf3 f4 21.e4 Qh5 22.Rxd7 Qxf3
23.Qe2 Qh3 24.Qf1 Qh5 25.Qg2 Qe5 26.R1d3 Kh7 27.Qg4 Rae8 28.Na4 Be7 29.Qf3 b5
30.cxb5 Qxb5 31.Qd1 f3 32.Kh1 Rf4 33.h3 Qh5 34.Kh2 Qe5 35.Kh1 Rxe4 36.Qxf3 Rxa4
37.Qf7 Rf4  0-1

[Event "ch-Serbia"]
[Site "Leskovac YUG"]
[Date "2002.02.22"]
[Round "8"]
[White "Marcetic,N"]
[Black "Vratonjic,S"]
[Result "1-0"]
[WhiteElo "2357"]
[BlackElo "2432"]

1.d4 Nf6 2.c4 e6 3.Nc3 Bb4 4.Qc2 O-O 5.a3 Bxc3+ 6.Qxc3 b6 7.Bg5 d6 8.Qf3 c6
9.e4 Nbd7 10.Rd1 Qc7 11.Be2 d5 12.cxd5 cxd5 13.e5 Ne4 14.Rc1 Qb8 15.Bf4 f6
16.exf6 e5 17.dxe5 Nxe5 18.Qh5 Nd3+ 19.Bxd3 Qxf4 20.Qxd5+ Kh8 21.fxg7+ Kxg7
22.Qd4+ Rf6 23.Ne2 Qxf2+ 24.Qxf2 Nxf2 25.Rc7+ Kf8 26.O-O Ng4 27.Rxf6+ Nxf6
28.Bxh7 Bg4 29.Nf4 Rd8 30.Ng6+  1-0

[Event "2nd HCC"]
[Site "Helsinki FIN"]
[Date "2002.02.26"]
[Round "2"]
[White "Sakalauskas,V"]
[Black "Lehikoinen,P"]
[Result "0-1"]
[WhiteElo "2424"]
[BlackElo "2229"]

1.d4 Nf6 2.c4 e6 3.Nc3 Bb4 4.Qc2 O-O 5.a3 Bxc3+ 6.Qxc3 b6 7.Bg5 Bb7 8.e3 h6
9.Bh4 d6 10.f3 Nbd7 11.Bd3 c5 12.Ne2 Rc8 13.b4 d5 14.dxc5 bxc5 15.b5 Ne4
16.Bxd8 Nxc3 17.Be7 Rfe8 18.Bd6 Na4 19.O-O-O Ndb6 20.Bg3 d4 21.Kc2 a6 22.Rb1 e5
23.Kd2 axb5 24.cxb5 c4 25.Bf5 Rcd8 26.Rhc1 c3+ 27.Kc2 Nc4 28.Kb3 Nab6 29.exd4 exd4
30.Bc7 Na5+ 31.Kb4 Nd5+ 32.Kc5 Nxc7 33.Nxd4 Re5+ 34.Kb4 Rxd4+ 35.Kxa5 Rxf5
36.Kb6 Bxf3 37.gxf3 Nd5+ 38.Ka5 Rc4 39.a4 c2 40.Rb2 Rff4 41.b6 Rxa4+ 42.Kb5 Rfb4+
43.Rxb4 Rxb4+ 44.Kc5 Rxb6 45.Kxd5 Rf6 46.Rxc2 Rxf3 47.Ke4 Rf1 48.Rg2 g5 49.Ke3 Rf4
50.Rg3 Kg7 51.Ke2 Kg6 52.Ra3 Kh5 53.Ke1 Kh4 54.Ke2 g4 55.Ra5 h5 56.Ke1 f5
57.Ra8 Kh3 58.Rh8 h4 59.Rh5 Kxh2 60.Rxh4+ Kg2 61.Ke2 Re4+ 62.Kd3 Re8 63.Kd2 Kg3
64.Rh1 f4 65.Rg1+ Kh3  0-1

[Event "Open"]
[Site "Malaga ESP"]
[Date "2002.02.26"]
[Round "5"]
[White "Damaso,R"]
[Black "Pogorelov,R"]
[Result "1-0"]
[WhiteElo "2412"]
[BlackElo "2460"]

1.c4 Nf6 2.d4 e6 3.Nc3 Bb4 4.Qc2 O-O 5.e4 Bxc3+ 6.bxc3 d6 7.e5 dxe5 8.dxe5 Nfd7
9.Nf3 f5 10.exf6 gxf6 11.g4 Nc6 12.g5 Nde5 13.Nxe5 Nxe5 14.Be2 f5 15.g6 Nxg6
16.Rg1 Qf6 17.Be3 Kh8 18.h4 f4 19.c5 Qe7 20.Bd2  1-0

[Event "Jersey Open"]
[Site "St Helier JCI"]
[Date "2002.02.26"]
[Round "3"]
[White "Lambie,I"]
[Black "Keeling,K"]
[Result "1/2-1/2"]
[WhiteElo "2132"]
[BlackElo "2048"]

1.d4 Nf6 2.c4 e6 3.Nc3 Bb4 4.Qc2 O-O 5.a3 Bxc3+ 6.Qxc3 b6 7.Nf3 Bb7 8.Bg5 c5
9.e3 cxd4 10.Nxd4 d5 11.O-O-O Nbd7 12.Kb1 Ne4 13.Bxd8 Nxc3+ 14.bxc3 Rfxd8
15.cxd5 Bxd5 16.f3 Nc5 17.c4 Bb7 18.Be2 a6 19.Kb2 Rdc8 20.Rc1 Rc7 21.Rhd1 Rac8
22.e4 Kf8 23.Nc2 Ke7 24.Ne3 Bc6 25.Rd2 Ba4 26.Bd1 b5 27.Bxa4 Nxa4+ 28.Kb3 Nc5+
29.Ka2 bxc4 30.Rxc4 a5 31.h3 a4 32.Rdc2 Kd6 33.Rd2+ Ke7 34.Rdc2 Kd6 35.Rd2+ Ke7  1/2-1/2

[Event "FSGM March"]
[Site "Budapest HUN"]
[Date "2002.03.03"]
[Round "2"]
[White "Erdos,V"]
[Black "Lukacs,P"]
[Result "1/2-1/2"]
[WhiteElo "2383"]
[BlackElo "2444"]

1.d4 Nf6 2.c4 e6 3.Nc3 Bb4 4.Qc2 O-O 5.a3 Bxc3+ 6.Qxc3 b6 7.Bg5 Bb7 8.f3 h6
9.Bh4 d5 10.e3 c5 11.cxd5 g5 12.Bf2 Nxd5 13.Qd2 cxd4 14.e4 Ne3 15.Bxe3 dxe3
16.Qxe3 Nc6 17.Ne2 Qf6 18.Nc3 Rfd8  1/2-1/2

[Event "Cupa Martisor Open"]
[Site "Bucharest ROM"]
[Date "2002.03.05"]
[Round "7"]
[White "Milea,F"]
[Black "Anghel,V"]
[Result "1-0"]
[WhiteElo "2015"]
[BlackElo "2420"]

1.d4 Nf6 2.c4 e6 3.Nc3 Bb4 4.Qc2 O-O 5.a3 Bxc3+ 6.Qxc3 b6 7.f3 c5 8.dxc5 bxc5
9.e4 d6 10.Bd3 Nc6 11.Ne2 e5 12.O-O Qb6 13.Kh1 Rb8 14.Bc2 Nd4 15.Nxd4 cxd4
16.Qd3 a5 17.b4 Be6 18.Bd2 Rfc8 19.Bb3 Nd7 20.Rab1 Qc6 21.Rfc1 a4 22.Ba2 g6
23.g4 Nb6 24.Rb2 Rc7 25.c5 dxc5 26.Rxc5 Qd6 27.Bxe6 fxe6 28.Rbc2 Rbc8 29.Qb5 Kf7
30.h4 h5 31.gxh5 gxh5 32.f4 Nd7 33.fxe5 Nxe5 34.Bf4 d3 35.Rf2 Rxc5 36.Bxe5+ Kg6
37.Rf6+ Kh7 38.bxc5 Qxe5 39.Qd7+ Kg8  1-0

[Event "FSIMB March"]
[Site "Budapest HUN"]
[Date "2002.03.05"]
[Round "4"]
[White "Kahn,E"]
[Black "Papp,Ga"]
[Result "1-0"]
[WhiteElo "2303"]
[BlackElo "2320"]

1.d4 Nf6 2.c4 e6 3.Nc3 Bb4 4.Qc2 O-O 5.Bg5 h6 6.Bh4 c5 7.dxc5 Na6 8.a3 Bxc5
9.e3 b6 10.Nf3 Bb7 11.Be2 Be7 12.O-O Nc5 13.Nd2 d6 14.b4 Ncd7 15.Rfd1 Rc8
16.Rac1 Qc7 17.Bg3 a6 18.f3 Qb8 19.Qb2 Qa8 20.Nb3 d5 21.cxd5 Nxd5 22.Nxd5 Bxd5
23.Rxc8 Rxc8 24.e4 Bf6 25.Qb1 Bxb3 26.Qxb3 Rc3 27.Qa4 Ne5 28.Bf2 Nc4 29.Bxc4 Rxc4
30.Bxb6 Qb7 31.Bc5 Rc3 32.Qe8+ Kh7 33.Qd7 Qxd7 34.Rxd7 Kg6 35.f4 Rc1+ 36.Kf2 Bb2
37.f5+ exf5 38.Rd6+ Kh7 39.exf5 a5 40.Ra6 axb4 41.axb4 Be5 42.h3 Rc4 43.Ke3 Rc2
44.Ke4 Bf6 45.g4 Rc3 46.Kd5 Rxh3 47.b5 h5 48.b6 Rd3+  1-0

[Event "Ciocaltea Mem"]
[Site "Bucharest ROM"]
[Date "2002.03.07"]
[Round "4"]
[White "Svetushkin,D"]
[Black "Rogozenko,D"]
[Result "1/2-1/2"]
[WhiteElo "2501"]
[BlackElo "2530"]

1.d4 Nf6 2.c4 e6 3.Nc3 Bb4 4.Qc2 O-O 5.a3 Bxc3+ 6.Qxc3 b6 7.Nf3 Bb7 8.Bg5 d6
9.Nd2 h6 10.Bh4 Nbd7 11.f3 d5 12.cxd5 exd5 13.e3 Re8 14.Bf2 c5 15.Nb3 Rc8
16.Qd2 Nb8 17.Bg3 Qe7 18.Kf2 Nh5 19.Bxb8 Rxb8 20.Bb5 Red8 21.g4 Nf6 22.h4 Rd6
23.Rhg1 Nh7 24.Bd3 c4 25.Bxh7+ Kxh7 26.Nc1 Re8 27.Rg3 Re6 28.f4 f5 29.g5 h5
30.Ne2 g6 31.Re1 Ra8 32.Ng1 a5 33.Nf3 b5 34.Ne5 b4 35.Rgg1 Rb6 36.Ra1 Bc6
37.axb4 a4 38.e4 dxe4 39.d5 Be8 40.Rgc1 Qxb4 41.Qxb4 Rxb4 42.Rxc4 Rxb2+ 43.Ke3 Rd8
44.Rc5 Kg8 45.Nc4 Rc2 46.Kd4 Kf8 47.Re1 e3 48.Nxe3 Rf2 49.Ke5 a3 50.Ra1 a2
51.Ra5 Bf7 52.R1xa2 Re8+ 53.Kf6 Rxa2 54.Rxa2 Rxe3 55.Ra8+ Be8 56.d6 Rd3 57.Rd8 Rd1
58.Ke6 Re1+ 59.Kf6 Rd1  1/2-1/2

[Event "FSGM March"]
[Site "Budapest HUN"]
[Date "2002.03.07"]
[Round "6"]
[White "Erdos,V"]
[Black "Breder,D"]
[Result "1/2-1/2"]
[WhiteElo "2383"]
[BlackElo "2441"]

1.d4 Nf6 2.c4 e6 3.Nc3 Bb4 4.Qc2 O-O 5.a3 Bxc3+ 6.Qxc3 b6 7.Bg5 Bb7 8.f3 d6
9.e3 Nbd7 10.Bd3 c5 11.Ne2 Rc8 12.Qd2 h6 13.Bh4 Ba6 14.Rc1 cxd4 15.exd4 d5
16.Bxf6 Qxf6 17.cxd5 Rxc1+ 18.Nxc1 Bxd3 19.Qxd3 Qh4+ 20.g3 Qg5 21.Ne2 Qxd5
22.O-O Rc8 23.Rd1 Nf6 24.Rc1 Rxc1+ 25.Nxc1 Qg5 26.Ne2 Nd5 27.Kf2 a5 28.h4 Qd8
29.Nc3 Ne7 30.Qc4 Qd7 31.Ne2 Nf5 32.Qc3 g6 33.Qc4 Kg7 34.Qb3 Qd6 35.Qc4 h5
36.Qc3 Qd5 37.Ke1 Kg8 38.Qc8+ Kg7 39.Qc3 Kg8  1/2-1/2

[Event "TCh-AUT 2001-2"]
[Site "Dornbirn AUT"]
[Date "2002.03.09"]
[Round "10"]
[White "Loebler,H"]
[Black "Genser,H"]
[Result "1/2-1/2"]
[WhiteElo "2232"]
[BlackElo "2259"]

1.d4 e6 2.c4 Nf6 3.Nc3 Bb4 4.Qc2 O-O 5.a3 Bxc3+ 6.Qxc3 b6 7.Bg5 Ba6 8.e3 d6
9.Bd3 Nbd7 10.Ne2 Rc8 11.Qb3 c5 12.O-O d5 13.Qa4 cxd4 14.Qxa6 Nc5 15.Bxf6 gxf6
16.Qb5 a6 17.Bxh7+ Kxh7 18.Qb4 Nd3 19.Qd2 dxc4 20.Nxd4 f5 21.f4 Rh8 22.Rf3 Kg8
23.Raf1 Nc5 24.Rg3+ Kf8 25.Qc3  1/2-1/2

[Event "Masters"]
[Site "Wroxham ENG"]
[Date "2002.03.10"]
[Round "2"]
[White "Flear,G"]
[Black "Buckley,M"]
[Result "1/2-1/2"]
[WhiteElo "2511"]
[BlackElo "2147"]

1.d4 Nf6 2.c4 e6 3.Nc3 Bb4 4.Qc2 O-O 5.e4 d5 6.e5 Nfd7 7.cxd5 exd5 8.Bd3 h6
9.Ne2 c5 10.f4 cxd4 11.Nxd4 Nc5 12.O-O Nxd3 13.Qxd3 Nc6 14.Be3 f6 15.exf6 Rxf6
16.Rad1 Bg4 17.Rd2 Qd7 18.Nb3 Bxc3 19.Qxc3 Rd8 20.h3 Bf5 21.g4 Be4 22.Nc5 Qe7
23.Bd4 Nxd4 24.Qxd4 Rc8 25.Nxe4 Qxe4 26.Qxe4 dxe4 27.Re2 Re6 28.f5 Re7 29.Rf4 Rc4
30.Kf2 Kf7 31.Ke3 Kf6 32.Rd2 Rc1 33.Rd6+ Kf7 34.f6 Rec7 35.fxg7+ Kxg7 36.Rxe4 Rh1
37.Rde6 Rxh3+ 38.Kd4 Kf7 39.R6e5 Rf3 40.Rd5 Re7 41.Rd6 Rf2 42.Rxe7+ Kxe7
43.Rxh6 Rxb2 44.Kc3 Rxa2 45.Rh7+ Kf6 46.Rxb7  1/2-1/2

[Event "TCh-ISR"]
[Site "ISR"]
[Date "2002.03.15"]
[Round "7"]
[White "Golod,V"]
[Black "Soffer,R"]
[Result "1/2-1/2"]
[WhiteElo "2516"]
[BlackElo "2487"]

1.d4 Nf6 2.c4 e6 3.Nc3 Bb4 4.Qc2 O-O 5.a3 Bxc3+ 6.Qxc3 b6 7.Bg5 Ba6 8.Qf3 Nc6
9.e3 Bb7 10.Qd1 Nb8 11.Ne2 d6 12.Nc3 Nbd7 13.d5 Qe8 14.Be2 b5 15.cxb5 exd5
16.Bf3 Qb8 17.Bxf6 Nxf6 18.O-O a6 19.bxa6 Bxa6 20.Nxd5 Nxd5 21.Bxd5 Ra7 22.Qf3 c5
23.Rfd1  1/2-1/2

[Event "Masters"]
[Site "Wroxham ENG"]
[Date "2002.03.15"]
[Round "9"]
[White "Kelly,B"]
[Black "Buckley,M"]
[Result "1/2-1/2"]
[WhiteElo "2445"]
[BlackElo "2147"]

1.d4 Nf6 2.c4 e6 3.Nc3 Bb4 4.Qc2 O-O 5.a3 Bxc3+ 6.Qxc3 b6 7.Bg5 Bb7 8.f3 d5
9.e3 Nbd7 10.cxd5 exd5 11.Bd3 h6 12.Bh4 Re8 13.Ne2 c5 14.Bf2 Rc8 15.O-O Nf8
16.Rad1 Ne6 17.Qd2 Qd7 18.Rfe1 Bc6 19.Ng3 Bb5 20.Bb1 cxd4 21.exd4 Rc6 22.Nf5 Nf8
23.Rxe8 Nxe8 24.Re1 Ng6 25.Bg3 Re6 26.Rxe6  1/2-1/2

[Event "Supercom Cup"]
[Site "Bucharest ROM"]
[Date "2002.03.22"]
[Round "6"]
[White "Svetushkin,D"]
[Black "Vasiesiu,D"]
[Result "1/2-1/2"]
[WhiteElo "2501"]
[BlackElo "2435"]

1.d4 Nf6 2.c4 e6 3.Nc3 Bb4 4.Qc2 O-O 5.a3 Bxc3+ 6.Qxc3 Ne4 7.Qc2 f5 8.e3 b6
9.Ne2 Bb7 10.f3 Qh4+ 11.g3 Qe7 12.Bg2 Nf6 13.Nc3 c5 14.d5 Kh8 15.f4 exd5
16.Qxf5 Nc6 17.cxd5 Na5 18.O-O c4  1/2-1/2

[Event "Spring Festival"]
[Site "Budapest HUN"]
[Date "2002.03.23"]
[Round "9"]
[White "Szemeti,A"]
[Black "Horvath,An"]
[Result "0-1"]
[WhiteElo "2201"]
[BlackElo "2299"]

1.d4 Nf6 2.c4 e6 3.Nc3 Bb4 4.Qc2 O-O 5.Bg5 c5 6.dxc5 Qa5 7.Bd2 Qxc5 8.e3 d5
9.a3 Bxc3 10.Bxc3 Nc6 11.b4 Qb6 12.b5 d4 13.exd4 Nxd4 14.Qb2 e5 15.Ne2 Re8
16.Rd1 Bf5 17.Rc1 a6 18.a4 axb5 19.axb5 Ne4 20.Ng3 Nxc3 21.Qxc3 Nc2+ 22.Ke2 Ra2
23.Nxf5 Nb4+ 24.Kf3 Qxf2+ 25.Kg4 h5+  0-1

[Event "Norwegian Open"]
[Site "Oslo NOR"]
[Date "2002.03.24"]
[Round "3"]
[White "Kolas,T"]
[Black "Gausel,E"]
[Result "0-1"]
[WhiteElo "2181"]
[BlackElo "2520"]

1.d4 Nf6 2.c4 e6 3.Nc3 Bb4 4.Qc2 O-O 5.a3 Bxc3+ 6.Qxc3 d6 7.Bg5 Nbd7 8.f3 h6
9.Bh4 e5 10.e4 Re8 11.Bf2 exd4 12.Bxd4 c5 13.Be3 b5 14.O-O-O Qb6 15.cxb5 a6
16.bxa6 Bxa6 17.Nh3 d5 18.exd5 Qb7 19.Bxa6 Rxa6 20.Rhe1 Nxd5 21.Qd3 Rb8 22.Rd2 N7f6
23.Rc2 Rc6 24.Nf4 c4 25.Qf5 Nxe3 26.Rxe3 Qb6 27.Re5 Qg1+ 28.Kd2 Rd6+ 29.Nd5 Qd4+
30.Kc1 Nxd5 31.Rd2 Qxd2+ 32.Kxd2 Ne7+  0-1

[Event "6th Neckar Open"]
[Site "Deizisau GER"]
[Date "2002.03.30"]
[Round "5"]
[White "Gustafsson,J"]
[Black "Epishin,V"]
[Result "1/2-1/2"]
[WhiteElo "2513"]
[BlackElo "2599"]

1.d4 Nf6 2.c4 e6 3.Nc3 Bb4 4.Qc2 O-O 5.a3 Bxc3+ 6.Qxc3 b6 7.Bg5 Bb7 8.Nf3 d6
9.Nd2 Nbd7 10.f3 Rc8 11.e4 h6 12.Bh4 c5 13.Bd3 Re8 14.O-O e5 15.d5 Nf8 16.Rfe1 g5
17.Bf2  1/2-1/2

[Event "SVK-Cup"]
[Site "Trencianske Teplice SVK"]
[Date "2002.03.31"]
[Round "3"]
[White "Stohl,I"]
[Black "Petrik,T"]
[Result "0-1"]
[WhiteElo "2539"]
[BlackElo "2345"]

1.c4 e6 2.d4 Nf6 3.Nc3 Bb4 4.Qc2 O-O 5.Bg5 h6 6.Bh4 b6 7.e4 g5 8.Bg3 Bb7
9.Bd3 c5 10.Bd6 Nc6 11.d5 exd5 12.Bxf8 dxe4 13.Bxh6 exd3 14.Qxd3 Ng4 15.Qh3 Bxc3+
16.bxc3 Qf6 17.Ne2 Nxh6 18.O-O Ba6 19.Qxd7 Bxc4 20.Rfe1 Rd8 21.Qh3 Rd2 22.Qe3 Ng4
23.Qe8+ Kg7 24.f3 Bxe2 25.Rxe2 Qxc3 26.Rf1 Qd4+ 27.Kh1 Nf2+ 28.Rfxf2 Qxf2  0-1

[Event "Open"]
[Site "Geneva SUI"]
[Date "2002.04.07"]
[Round "6"]
[White "Lazarev,V"]
[Black "Gerber,R"]
[Result "1-0"]
[WhiteElo "2461"]
[BlackElo "2420"]

1.d4 e6 2.c4 Nf6 3.Nc3 Bb4 4.Qc2 O-O 5.a3 Bxc3+ 6.Qxc3 b6 7.Bg5 c5 8.e3 d6
9.dxc5 bxc5 10.f3 Nbd7 11.Nh3 a5 12.b3 Qb6 13.Be2 Ba6 14.O-O d5 15.Rab1 Rab8
16.Bd3 Rfc8 17.Rfc1 Ne8 18.cxd5 exd5 19.Bf5 d4 20.Qd2 Bb5 21.a4 Nd6 22.Bxh7+ Kxh7
23.axb5 Nxb5 24.Bf4 Rb7 25.Ng5+ Kg8 26.Qd3 Nf8 27.Ne4 Ne6 28.Bg3 Rd8 29.Kh1 Na3
30.Ra1 Qxb3 31.Rxa3 Qxd3 32.Rxd3 c4 33.Ra3 d3 34.Be1 Rb2 35.Rxa5 Rc2 36.Rb1 Re2
37.h3 Rxe3 38.Rc1 Nd4 39.Bh4 Nb3 40.Bxd8 Nxc1 41.Bg5 Re1+ 42.Kh2 Nb3 43.Rd5 f6
44.Bf4 Kf7 45.g4 g5 46.Bg3 Rxe4 47.fxe4 d2 48.Bf2 c3 49.Be3 c2 50.Bxd2 Nxd2
51.Rc5 Nxe4 52.Rxc2 Kg6 53.Rc6 Nd2 54.Kg2 Nb3 55.Rd6 Na5 56.Kf3 Nc4 57.Ra6 Ne5+
58.Ke4 Nd7 59.Kd5 Ne5 60.Ke6 Nd3 61.Ke7 Nf4 62.Rxf6+ Kg7 63.Rf7+ Kg6 64.Rf8 Kg7
65.Ra8 Nxh3 66.Ke6 Kg6 67.Rg8+ Kh7 68.Kf7  1-0

[Event "FSGMB April"]
[Site "Budapest HUN"]
[Date "2002.04.08"]
[Round "7"]
[White "Radziewicz,I"]
[Black "Farago,I"]
[Result "1-0"]
[WhiteElo "2375"]
[BlackElo "2506"]

1.d4 Nf6 2.c4 e6 3.Nc3 Bb4 4.Qc2 O-O 5.a3 Bxc3+ 6.Qxc3 Ne4 7.Qc2 f5 8.Nh3 d6
9.f3 Nf6 10.e3 e5 11.dxe5 dxe5 12.b4 Qe7 13.Be2 c5 14.b5 h6 15.Bb2 Qe6 16.Nf2 b6
17.O-O Bb7 18.a4 a5 19.Rad1 Nbd7 20.Rfe1 Rae8 21.Bc3 Re7 22.Bf1 e4 23.f4 Kh7
24.Rd2 g5 25.fxg5 hxg5 26.Qb2 Ne8 27.Be2 Rff7 28.Bh5 Rf8 29.Nh3 Rg8 30.Red1 Bc8
31.Bxe8 Rexe8 32.Rd6 Qf7 33.R1d5 Re6 34.Rc6 Bb7 35.Qd2 Bxc6 36.bxc6 Nb8 37.Qf2 Nxc6
38.Rxf5 Qh5 39.Nxg5+ Rxg5 40.Rxg5 Qd1+ 41.Be1 Ne5 42.Qh4+ Rh6 43.Qxe4+ Ng6
44.Qb7+ Kh8 45.Qb8+ Kh7 46.Qc7+ Kh8 47.Qg3 Kh7 48.h3 Qd7 49.Rd5 Qf7 50.Bc3 Rh4
51.Qg5 Re4 52.Qh5+ Kg8 53.Rg5  1-0

[Event "IDJM"]
[Site "Augsburg GER"]
[Date "2002.04.09"]
[Round "10"]
[White "Rau,H"]
[Black "Schenk,Andreas"]
[Result "1/2-1/2"]
[WhiteElo "2297"]
[BlackElo "2447"]

1.d4 Nf6 2.c4 e6 3.Nc3 Bb4 4.Qc2 O-O 5.Bg5 h6 6.Bh4 c5 7.dxc5 Na6 8.Nf3 Qa5
9.Bxf6 gxf6 10.Rc1 Nxc5 11.a3 Bxc3+ 12.Qxc3 Qxc3+ 13.Rxc3 b6 14.e3 Bb7 15.Be2 Rac8
16.O-O Na4 17.Rc2 d5 18.b3 Nc5 19.b4 Ne4 20.Rfc1 dxc4 21.Bxc4 Nd6  1/2-1/2

[Event "FSGMB April"]
[Site "Budapest HUN"]
[Date "2002.04.12"]
[Round "11"]
[White "Radziewicz,I"]
[Black "Lukacs,P"]
[Result "1/2-1/2"]
[WhiteElo "2375"]
[BlackElo "2460"]

1.d4 Nf6 2.c4 e6 3.Nc3 Bb4 4.Qc2 O-O 5.a3 Bxc3+ 6.Qxc3 d6 7.Bg5 Nbd7 8.e3 b6
9.f3 Ba6 10.b4 h6 11.Bh4 c5 12.dxc5 bxc5 13.b5 Bb7 14.Bd3 Ne5 15.Be2 Re8
16.Bg3 Nfd7 17.Rd1 Qc7 18.Qd2 Nb6 19.Qc2 a6  1/2-1/2

[Event "Golden Cleopatra"]
[Site "Cairo EGY"]
[Date "2002.04.13"]
[Round "7"]
[White "Hassan,T"]
[Black "Elkadi,A"]
[Result "0-1"]
[WhiteElo "2283"]
[BlackElo "2157"]

1.d4 Nf6 2.c4 e6 3.Nc3 Bb4 4.Qc2 O-O 5.Bg5 d5 6.e3 b6 7.cxd5 exd5 8.Nf3 Bb7
9.Bd3 h6 10.Bh4 Be7 11.Bxf6 Bxf6 12.Qb3 Re8 13.O-O c6 14.Rfd1 Na6 15.e4 Nc7
16.exd5 cxd5 17.Rac1 Ne6 18.Bf1 g6 19.g3 Qd6 20.Nb5 Qd7 21.Bh3 Bc6 22.Nc3 Rad8
23.Qc2 Qd6 24.Bg2 Kg7 25.h4 h5 26.a3 Re7 27.Qd2 a6 28.Qd3 Bb7 29.Na2 Rc7
30.Rxc7 Nxc7 31.Nc3 Bc8 32.Re1 Bf5 33.Qd2 Re8 34.Rxe8 Nxe8 35.Ne5 Nc7 36.f4 Be6
37.Kh2 b5 38.Ne2 Na8 39.Ng1 Nb6 40.Ngf3 Nc4 41.Qc3 Bd8 42.b4 Bf5 43.Nxc4 bxc4
44.Ne5 f6 45.Nf3 Be7 46.Nd2 Bd3 47.Nf1 Qe6 48.Qd2 f5 49.Ne3 Be4 50.Nd1 Bf6
51.Nc3 Qd6 52.Kg1 Qb6 53.Ne2 Bd3 54.Kh2 Bxe2 55.Qxe2 Qxd4 56.Qe6 c3 57.Bxd5 c2
58.Qg8+ Kh6 59.Bf7 Qf2+ 60.Kh3 Bg7 61.Bxg6 Qf1+ 62.Kh2 Qe2+ 63.Kh3 Qg4+ 64.Kh2 Qe2+
65.Kh3 Kxg6 66.Qc8 Qf1+ 67.Kh2 c1=Q 68.Qe6+ Bf6 69.Qg8+ Kh6  0-1

[Event "ch-PHI"]
[Site "Makati PHI"]
[Date "2002.04.28"]
[Round "3"]
[White "Nadera,B"]
[Black "Barbosa,O PHI"]
[Result "1-0"]
[WhiteElo "2404"]
[BlackElo "2313"]

1.d4 Nf6 2.c4 e6 3.Nc3 Bb4 4.Qc2 O-O 5.a3 Bxc3+ 6.Qxc3 b6 7.Bg5 Bb7 8.f3 d6
9.Nh3 Nbd7 10.Nf2 h6 11.Bh4 Qe8 12.e4 e5 13.d5 a5 14.Nd1 Nh7 15.Ne3 a4 16.Nf5 f6
17.Bf2 Nc5 18.g4 Bc8 19.Rg1 Ng5 20.h4 Nf7 21.Be3 Kh7 22.Qc2 Nh8 23.O-O-O Ng6
24.Qh2 Ne7 25.Kb1 Rb8 26.Rd2 Bd7 27.Rdg2 Rg8 28.Ka2 Rb7 29.Nxe7 Qxe7 30.g5 Rbb8
31.gxh6 g6 32.Rg3 Qf7 33.Qf2 c6 34.Bxc5 bxc5 35.f4 exf4 36.Qxf4 Qe7 37.Rf3 f5
38.Bd3 Qf6 39.Rg2 Rgf8 40.exf5 Bxf5 41.h5 Bxd3 42.Qxf6 Bxc4+ 43.Ka1 Rxf6
44.Rxf6 Bxd5 45.hxg6+ Kxh6 46.g7+  1-0